COMMUNITY HEALTH NURSING FOR BSc PB BSc NURSING STUDENTS VOLUME I (Record no. 200828)

MARC details
000 -LEADER
fixed length control field 00643nam a2200193Ia 4500
003 - CONTROL NUMBER IDENTIFIER
control field OSt
005 - DATE AND TIME OF LATEST TRANSACTION
control field 20260421112842.0
020 ## - INTERNATIONAL STANDARD BOOK NUMBER
International Standard Book Number 978-93-5152-918-7
040 ## - CATALOGING SOURCE
Transcribing agency LC
050 ## - LIBRARY OF CONGRESS CALL NUMBER
Classification number RT 98 .B 37 2016 V. I
100 ## - MAIN ENTRY--PERSONAL NAME
Personal name Basavanthappa, B. T.
245 #0 - TITLE STATEMENT
Title COMMUNITY HEALTH NURSING FOR BSc PB BSc NURSING STUDENTS VOLUME I
250 ## - EDITION STATEMENT
Edition statement 3
260 ## - PUBLICATION, DISTRIBUTION, ETC.
Place of publication, distribution, etc. NEW DELHI,
Name of publisher, distributor, etc. JAYPEE BROTHERS MEDICAL PUBLISHERS (P) LTD,
Date of publication, distribution, etc. 2016,
300 ## - PHYSICAL DESCRIPTION
Extent XXiV, 762 P, ILL
500 ## - GENERAL NOTE
General note INCLUDES INDEX
650 ## - SUBJECT ADDED ENTRY--TOPICAL TERM
Topical term or geographic name entry element 1 Community health nursing-Textbooks 2. Public health nursing-Textbooks 3. Nursing-India-Textbooks 4. Health promotion-Textbooks
942 ## - ADDED ENTRY ELEMENTS (KOHA)
Koha item type Long Loan Book
Source of classification or shelving scheme Library of Congress Classification
Holdings
Withdrawn status Lost status Source of classification or shelving scheme Damaged status Not for loan Collection Home library Current library Shelving location Date acquired Inventory number Total checkouts Full call number Barcode Date last seen Copy number Price effective from Koha item type
    Library of Congress Classification     Medicine Kisii University Library Kisii University Library On Display 04/16/2024 097102   RT 98 .B 37 2016 V. I 046330 04/16/2024 1 04/16/2024 Long Loan Book
    Library of Congress Classification     Medicine Kisii University Library Kisii University Library On Display 04/16/2024 097378   RT 98 .B 37 2016 V. I 046622 04/16/2024 2 04/16/2024 Long Loan Book
    Library of Congress Classification     Medicine Kisii University Library Kisii University Library On Display 04/21/2026 113206   RT 98 .B 37 2016 V. I A001802 04/21/2026 3 04/21/2026 Long Loan Book
    Library of Congress Classification     Medicine Kisii University Library Kisii University Library On Display 04/21/2026 113204   RT 98 .B 37 2016 V. I A001800 04/21/2026 4 04/21/2026 Long Loan Book
    Library of Congress Classification     Medicine Kisii University Library Kisii University Library On Display 04/21/2026 113205   RT 98 .B 37 2016 V. I A001809 04/21/2026 5 04/21/2026 Long Loan Book